000
00329nam a2200145Ia 4500
003
OSt
005
20240309105126.0
008
170524s9999 xx 000 0 und d
020
_a
NIL
040
_c
IIMTU MEERUT
100
_a
DR. SAH- HAZARI LAL
245
0
_a
ELECTROMAGNETIC FIELD THEORY
260
_b
ARIHANT
942
_2
ddc
_c
02
999
_c
7733
_d
7733